| 000 | 00793nam a2200217Ii 4500 | ||
|---|---|---|---|
| 003 | JO-AjNU | ||
| 008 | 230605s9999||||xx |||||||||||||| ||und|| | ||
| 017 | _a1979/3560 | ||
| 020 | _a977-201-724-4 | ||
| 040 |
_aJO-AjNU _bara _erda _cJO-AjNU |
||
| 041 | _aara | ||
| 050 | 1 | 4 | _aHM24 .Q2288 1979 |
| 100 | 3 |
_aتأليف اسماعيل، قباري محمد, _eauthor _937636 |
|
| 245 | 0 | 0 | _aعلم الاجتماع والايديولوجيات |
| 264 | 3 | 1 | _aالاسكندرية: الهيئة المصرية العامة، 1979 |
| 300 |
_a288ص _bيحتوي على ببلوغرافية من 279-288ص |
||
| 336 |
_atext _btxt _2rdacontent |
||
| 337 |
_aunmediated _bn _2rdamedia |
||
| 338 |
_avolume _bnc _2rdacarrier |
||
| 650 | 4 |
_aعلم الاجتماع - الأيديولوجيا _937637 |
|
| 999 |
_aA15743 _c19311 _d19311 |
||